Recomendaciones para la prevención y control de ataques de termitas en edificaciones
Gorde:
| Egile korporatiboa: | , |
|---|---|
| Formatua: | Liburua |
| Hizkuntza: | gaztelania |
| Argitaratua: |
Santiago
Centro de Innovación en Madera
2018
|
| Edizioa: | 1a. ed |
| Saila: | Colección Monografías y Ensayos. Serie Estándares Técnicos para Edificaciones Residenciales
|
| Gaiak: | |
| Etiketak: |
Etiketa erantsi
Etiketarik gabe, Izan zaitez lehena erregistro honi etiketa jartzen!
|
MARC
| LEADER | 00000cam a2200000 a 4500 | ||
|---|---|---|---|
| 001 | UCC3562 | ||
| 003 | CL-VaPUC | ||
| 008 | 180527e20180200cl |||||||||||||||||spa|d | ||
| 020 | |a 9789569432880 | ||
| 082 | 0 | 4 | |a 595.76 |b MIN |2 21 |
| 110 | 2 | |a Ministerio de Vivienda y Urbanismo |e author |9 597588 | |
| 710 | 2 | |a Gobierno de Chile |e author |9 597589 | |
| 245 | 1 | 0 | |a Recomendaciones para la prevención y control de ataques de termitas en edificaciones |
| 250 | |a 1a. ed | ||
| 300 | |a 99 p | ||
| 942 | |c BK | ||
| 945 | |d 20180527 18:33:00 |a arojas | ||
| 260 | |a Santiago |b Centro de Innovación en Madera |c 2018 | ||
| 650 | 7 | |a TERMITAS |2 CL-VaPUC |9 373937 | |
| 650 | 0 | |a Coleópteros |9 359563 | |
| 650 | 7 | |a ESCARABAJOS |2 CL-VaPUC |9 597590 | |
| 650 | 0 | |a Control de plagas |9 327373 | |
| 650 | 7 | |a CONTROL DE INSECTOS |2 CL-VaPUC |9 269671 | |
| 650 | 0 | |a Entomología |9 269835 | |
| 583 | |a last modification |c 20180527 18:33:00 |k Rodrigo Vera | ||
| 490 | 0 | |a Colección Monografías y Ensayos. Serie Estándares Técnicos para Edificaciones Residenciales | |
| 999 | |c 371259 |d 371257 | ||
| 952 | |0 0 |1 0 |3 erb |4 0 |6 595_760000000000000_MIN_2018 |7 0 |8 A |9 488189 |a BIBARQ |b BIBARQ |i 5471230 |o 595.76 MIN 2018 |p 5471230 |r 2025-01-20 |w 2019-11-24 |y BK |z Catalogado en:20180527 |k ARQ | ||
| 952 | |0 0 |1 0 |3 erb |4 0 |6 595_760000000000000_MIN_2018 |7 0 |8 A |9 488190 |a BIBARQ |b BIBARQ |i 5471249 |o 595.76 MIN 2018 |p 5471249 |r 2025-01-20 |w 2019-11-24 |y BK |z Catalogado en:20180527 |k ARQ | ||